Top 100 Greatest Speedrunners - Statistics

General Stats
  • This quiz has been taken 223 times
    214 since last reset
  • The average score is 18 of 100
Answer Stats
# Answer Best known for % Correct
1. cheese05 Super Mario 64
71%
2. darbian Super Mario Bros.
61%
4. puncayshun Super Mario 64
55%
23. Kosmic Super Mario Bros.
54%
75. Cosmo/Narcissa Wright Ocarina of Time
48%
5. zfg Ocarina of Time
46%
3. Werster Pokémon games
45%
26. andrewg Super Mario Bros.
41%
21. TheMexicanRunner Battletoads & Cuphead
41%
8. siglemic Super Mario 64
39%
28. trihex Yoshi's Island
39%
93. Simply Super Mario 64
38%
55. Mitchflowerpower Super Mario Bros 3
37%
6. zoast Super Metroid
36%
35. GrandPOObear Super Mario Bros. 3 & Super Mario ROM hacks
30%
68. NicroVeda Super Mario Odyssey
30%
56. SHiFT Battle for Bikini Bottom
30%
32. SimpleFlips Super Mario 64 ROM hacks
30%
65. abney317 Mario Kart 64
29%
27. Linkus7 Wind Waker
28%
42. Behemoth87 Super Metroid
27%
9. TGH Undertale & Celeste
27%
30. Torje Ocarina of Time
27%
39. Calebhart42 Mega Man X
25%
12. EnNopp112 Majora's Mask
25%
7. skater82297 Ocarina of Time
25%
41. Spikevegeta Donkey Kong Country, Kingdom Hearts, & Rayman
24%
22. Oatsngoats Super Metroid
23%
45. ThaRixer Ratchet & Clank & Jak and Daxter
23%
52. Nindiddeh Super Mario Sunshine
21%
54. Bonesaw577 Jak and Daxter
20%
81. sinister1 Punch-Out!!
20%
18. Stivitybobo Banjo-Kazooie
20%
89. wqqqqwrt A Link to the Past
20%
49. BigJon Super Mario Bros.: The Lost Levels
19%
60. Clint Stevens Ocarina of Time
19%
48. Xelna A Link to the Past
19%
10. 360Chrism Various Nintendo games
17%
19. AverageTrey Super Mario Sunshine
17%
63. CarlSagan42 Yoshi's Island
17%
13. Andy A Link to the Past
16%
37. Fuzzyness Super Smash Bros. Melee
16%
14. PangaeaPanga Super Mario World & SMW ROM hacks
16%
71. witwix I Wanna Be The Boshy
16%
46. Gunnermaniac Pokémon games
15%
50. LackAttack24 The Legend of Zelda
15%
77. Xiah Super Mario 64
14%
53. batora Super Mario 64
13%
40. Demoon9 Wind Waker
13%
17. Dram55 Super Mario World & SMW ROM hacks
13%
83. Geoff Super Monkey Ball
13%
15. gymnast86 Legend of Zelda games
13%
64. LiquidWiFi The Simpsons: Hit & Run & Kingdom Hearts
13%
59. MajinPhil Majora's Mask
13%
29. SethBling Super Mario World
13%
92. Toufool Diddy Kong Racing
13%
24. Vallu111 3D Super Mario games
13%
33. FireDragon Luigi's Mansion
12%
38. Arcus87 NES games
11%
61. CarcinogenSDA Resident Evil
11%
85. RyuQuezacotl Diablo
11%
76. SuccinctAndPunchy Silent Hill
11%
62. authorblues A LOT
10%
25. Biinny Super Mario 64
10%
16. Bounceyboy Super Mario Sunshine
10%
11. Distortion2 Dark Souls
9%
100. DoDeChehedron Super Mario World ROM hacks
9%
20. Jodenstone Ocarina of Time
9%
97. Jumpyluff A LOT
9%
84. Runnerguy2489 Legend of Zelda games
9%
70. Shaeden Super Mario Odyssey
9%
36. Keizaron Pokémon games
8%
90. KirbyMastah Sonic, Fire Emblem, & Metroid
8%
51. Marco8641 Ocarina of Time
8%
47. Sva16162 Legend of Zelda games
8%
86. BubblesDelFuego Bethesda games
7%
82. heyZeusHeresToast Bloodborne
7%
99. MrLlamaSC Diablo II
7%
94. KZ_FREW Grand Theft Auto
6%
95. PJDiCesare SNES & NES games
6%
31. SSBMstuff Spyro
6%
73. Xem92 Ratchet & Clank
6%
34. Bawkbasoup Resident Evil
5%
98. BloodThunder BioShock
5%
66. CovertMuffin Star Wars
5%
96. feasel NES games
5%
57. iateyourpie Mario games
5%
87. romscout Castlevania
5%
67. Bl00dyBizkitz Kingdom Hearts
4%
58. halfcoordinated PlatinumGames games
4%
91. P4ntz A LOT
4%
69. Toad22484 NES games
4%
43. TrevPerson Majora's Mask
4%
79. Azorae Valve games
3%
78. Jcool114 Super Monkey Ball
3%
72. RetroBob Super Mario World
3%
88. usedpizza Mega Man
3%
44. EndySWE NES games
2%
74. Nemz38 Dark Souls
2%
80. Patty A Link to the Past
2%
No matching quizzes found
Score Distribution
Percent of People with Each Score
Percentile by Number Answered
Your Score History
You have not taken this quiz since the last reset